00580nam a2200205Ia 4500003000400000005001700004008004100021020001800062040000700080041000800087082001300095100002300108245002800131260002000159300000900179650002200188942001300210999001900223952013200242OSt20251105123210.0250729s2005 xx 000 0 und d a81-7141-275-2 cAL aeng a370 NUNP aNunn Percy9223924 aPrinciples of education aNew Delhic2005 a260p aEducation9223925 2ddccBED c236148d236148 00104070aALbALd2025-07-29eSchool Book Companyg150.00l0o370 NUNPpBED01467r2025-07-29 16:54:36v150.00w2025-07-29yBK